[Event "BRA-ch 83rd"]
[Site "Rio de Janeiro"]
[Date "2017.02.13"]
[Round "10"]
[White "Fier, Alexandr"]
[Black "Macedo, Maximo Iack Miranda"]
[Result "1-0"]
[WhiteElo "2581"]
[BlackElo "2366"]
[Annotator "Fier,A"]
[PlyCount "53"]
[EventDate "2017.02.06"]
[EventType "tourn"]
[EventRounds "11"]
[EventCountry "BRA"]
[EventCategory "6"]
[SourceTitle "CBM 177"]
[Source "ChessBase"]
[SourceDate "2017.03.16"]
[SourceVersion "1"]
[SourceVersionDate "2017.03.16"]
[SourceQuality "1"]
[TimeControl "5400+30"]

{This was a must-win situation, since I was half point behind Matsuura with
two rounds left. I decided to play something less theoretical and just get the
pieces into play.} 1. c4 {[%emt 0:00:00]} e6 {[%emt 0:02:00]} 2. Nf3 {[%emt 0:
00:00]} Nf6 {[%emt 0:00:19]} 3. g3 {[%emt 0:00:00]} d5 {[%emt 0:00:11]} 4. Bg2
{[%emt 0:00:00]} dxc4 {[%emt 0:00:31]} 5. Qa4+ {[%emt 0:00:00]} Bd7 {[%emt 0:
00:10] Already a surprise!} (5... Nbd7 6. Qxc4 a6 {was what I was expecting
and here I had some unusual ideas to try.}) 6. Qxc4 {[%emt 0:00:00]} c5 {
[%emt 0:00:06]} 7. Qc2 {[%emt 0:01:09] Almost a novelty. Since I was out of
book, I ran to try a Hedgehog style position. The problem is that I had
already made 3 moves with the queen and I still needed to play a3, e3, d3 and
b3 to get a reasonable position.} (7. Ne5 {is the best move and after} Qc8 8.
d3 Nc6 9. Nxd7 Qxd7 10. Nd2 Rc8 11. Nf3 Be7 12. Bd2 {Adams,M (2751)-Deac,B 
(2572) Gibraltar Masters 15th 2017 (3) 1-0 White has a decent position to play
for a win, as seen in}) 7... Nc6 {[%emt 0:08:53]} 8. O-O {[%emt 0:03:32]} Rc8 {
[%emt 0:00:06]} 9. d3 {[%emt 0:00:29]} Be7 {[%emt 0:00:49]} 10. a3 {[%emt 0:02:
24] Necessary to avoid any ...Nb4.} O-O {[%emt 0:03:15] Here I was already
feeling fine, I thought Black should play something more energetic against my
slow play.} (10... Nd4 {was what I was afraid of, changing the character of
the position} 11. Nxd4 cxd4 12. Qb3 b5 13. Nd2 O-O 14. Nf3 Bc6 15. Bd2 {
and the position remains equal.}) 11. e3 {[%emt 0:01:11]} Nd5 {[%emt 0:08:15]
I'm not sure about this plan. Since my opponent was not used to this kind of
position, he spend a lot of time deciding how to arrange the pieces.} (11... e5
{was natural, grabbing some space and aiming to play 12...Bf5 hitting the weak
point on d3. It's important to realise that compared to a normal Hedgehog, the
bishop on g2 is unable to defend the pawn on d3.} 12. Nc3 Bf5 13. Rd1 Qd7 {
and the position is slightly more pleasant for Black, even if during the game
I had the feeling that White should be almost fine.} (13... Nd4 {looks
threatening, but doesn't work so well with the pawn on e5 hanging.} 14. exd4
cxd4 15. Nxe5 {and White is better.})) 12. Nbd2 {[%emt 0:01:30]} b5 {[%emt 0:
09:53]} 13. b3 {[%emt 0:03:14]} f6 {[%emt 0:20:11]} (13... Bf6 {does not makes
much sense, Black should keep the pieces to exploit the space advantage.} 14.
Bb2 Bxb2 15. Qxb2 Qf6 16. Qxf6 Nxf6 17. Rfc1 $16) 14. Bb2 {[%emt 0:00:10]} Be8
{[%emt 0:00:44]} 15. Rad1 {[%emt 0:01:20]} Nb6 $6 {[%emt 0:07:03] I don't
believe it's a good idea to bring the knight to d7. Black should first bring
the bishop back into the game.} (15... Bg6 16. Ne4 Qd7 17. Rfe1 Rfd8 {and I
was not completely sure about how to proceed.}) 16. Ne4 {[%emt 0:02:00]} Nd7 {
[%emt 0:00:31]} 17. Qe2 {[%emt 0:01:18]} Qc7 {[%emt 0:08:51]} 18. d4 {[%emt 0:
01:26] Finally I managed to open the position and I thought I was much better,
but in fact things are not that simple.} cxd4 {[%emt 0:01:27]} 19. exd4 {
[%emt 0:00:07]} b4 $5 {[%emt 0:02:39] Using a weak pawn to spoil White's
structure.} 20. axb4 {[%emt 0:02:59]} Bxb4 {[%emt 0:03:43]} (20... Nxb4 $2 {
looks natural, but loses immediately to a nice trick.} 21. Rc1 Qb8 22. Rxc8
Qxc8 23. Nd6 $1 {and White wins a pawn.} Bxd6 24. Qxe6+ Bf7 25. Qxd6 $16) 21.
Rc1 {[%emt 0:02:10] Keeping the pressure, my opponent was already heading into
time trouble.} Bf7 {[%emt 0:03:27]} 22. Nfd2 {[%emt 0:04:45] Going to c4, but
missing a beautiful combination.} (22. Neg5 $1 {I saw this move, but I could
not find out how to follow.} fxg5 23. Nxg5 Qd6 24. Bxc6 $1 (24. Qe4 Nf6 $19)
24... Rxc6 25. Qe4 {with decisive advantage.}) 22... Qb6 {[%emt 0:01:59]} 23.
Nc4 {[%emt 0:00:33]} Qb8 {[%emt 0:01:40]} 24. Ra1 {[%emt 0:08:19][%csl Rc5,Rd6]
[%cal Gb2a3] Played after 8 long minutes. I was struggling to find a plan and
after some minutes I saw that it was interesting to exchange the dark squared
bishops to exploit the squares c5 and d6.} e5 $2 {[%emt 0:03:31] Cracking
under pressure.} (24... Ne7 {was expected} 25. Ba3 Bxa3 26. Nxa3 $1 {the
knight will do good work on b5!} (26. Rxa3 Nf5 27. Rd1 Nb6 {is unclear.}) 26...
Nb6 27. Nb5 {with some advantage, but the game goes on.}) 25. Bh3 $1 {[%emt 0:
01:22] Now White wins material by force.} Rcd8 {[%emt 0:04:38]} 26. Bxd7 {
[%emt 0:01:48]} Rxd7 {[%emt 0:00:21]} 27. Nxf6+ {[%emt 0:00:28]} (27. Nxf6+
gxf6 28. Qg4+ Kh8 29. Qxd7 Be8 30. Qd5 Ne7 31. Qe6 $18) 1-0

[Event "Gibraltar Masters 10th"]
[Site "Caleta"]
[Date "2012.01.24"]
[Round "1"]
[White "Bosboom, Manuel"]
[Black "Fridman, Daniel"]
[Result "0-1"]
[WhiteElo "2394"]
[BlackElo "2660"]
[Annotator "Fridman,D"]
[PlyCount "58"]
[EventDate "2012.01.24"]
[EventType "swiss"]
[EventRounds "10"]
[EventCountry "GGB"]
[SourceTitle "CBM 147"]
[Source "ChessBase"]
[SourceDate "2012.03.16"]
[SourceVersion "1"]
[SourceVersionDate "2012.03.16"]
[SourceQuality "1"]

1. c4 e6 2. Nf3 d5 3. e3 Nf6 4. a3 Be7 (4... c5 5. d4 Nc6 6. Nc3 {transposes
into one of the most popular tabiyas in the whole of chess theory.}) 5. g4 O-O
6. Rg1 c5 7. b4 {Tomas Richter wrote in his notes: "Wer G sagt wie Gibraltar
muss auch B sagen wie Bosboom". ("If you say G for Gibraltar, you need to
follow it with B for Bosboom,")} Nc6 {Previously seen were:} (7... cxb4 8. axb4
Bxb4 9. Bb2 Nc6 10. Qc2 Be7 11. Nc3 b6 12. g5 Ne8 13. Ra4 $5 Nb4 14. Rxb4 Bxb4
15. Bd3 $44 {Bosboom - Sonntag, Germany 2010}) (7... b6 8. Bb2 Bb7 9. g5 Ne4
10. d3 Nd6 11. Nbd2 Nd7 12. Qc2 Re8 13. h4 Bf8 14. h5 $40 {Bosboom - Vaibhav,
Haarlem 2011}) 8. Bb2 cxb4 9. axb4 Nxb4 $146 10. Nc3 b6 11. g5 Ne4 12. Nxe4
dxe4 13. Ne5 {[%cal Re5g4,Rg4f6,Rd1h5,Rh5h6]} Bb7 14. Qh5 $6 {The sharpest,
but not fully correct way to develop the initiative.} (14. Qb3 Nc6 15. c5 $44)
(14. Ng4 Bxg5 15. h4 $44) 14... Nc2+ 15. Kd1 Nxa1 16. Ng4 $6 (16. Bxa1 Qe8 17.
Ke1 Qa4 (17... f6 18. g6 h6 19. Nf7 Rxf7 20. gxf7+ Qxf7 21. Qxh6 $15) 18. Bd4
Qc2 19. Be2 Qc1+ 20. Bd1 Rad8 $1 (20... Bb4 21. Rg3 $40) 21. Bc3 g6 22. Qh6
$140 Rxd2 $8 23. Bxd2 Qb2 $19) 16... Nb3 17. d3 e5 $2 {Black plans the
manoeuvre Nb3-c5 and in any case, reserves the square e6 for the knight.} ({
Correct, however, was the immediate} 17... exd3 18. Nf6+ ({If} 18. Bg2 Bxg2 19.
Rxg2 {, then the simplest is to play the counter-attack analogous to the game:}
Nd4 20. Bxd4 Qd7) 18... Bxf6 19. gxf6 g6 20. Qh6 Bf3+ 21. Be2 dxe2+ 22. Kc2
Be4+ 23. Kxb3 Qd3+ 24. Bc3 Qc2+ 25. Kb4 a5+ 26. Ka3 Qxc3+ 27. Ka2 Qxc4+ 28. Ka1
Qc3+ 29. Ka2 Bd5+ 30. Kb1 Qb4+ 31. Kc2 ({or} 31. Ka1 Qa3+ 32. Kb1 Be4#) 31...
Be4+ 32. Kc1 Rac8#) 18. Bxe5 exd3 19. Nf6+ ({If} 19. Nh6+ $2 Kh8 20. Nxf7+ Rxf7
21. Qxf7 ({there is not time for} 21. g6 {because of} Bf3+) 21... Qf8 22. Qxf8+
Rxf8 23. Bxd3 Rxf2 {and White ends up a knight down.}) (19. Bg2 $6 {This
continuation is not so easy to refute.} Bxg5 $1 (19... Bxg2 20. Rxg2 Bxg5 ({
A perpetual also results from} 20... Qd5 21. cxd5 Rac8 22. Bb2 d2 23. Nh6+ Kh8
24. Nxf7+ Rxf7 25. Qxf7 Rc1+ 26. Bxc1 dxc1=Q+ 27. Ke2 Qc4+ 28. Kf3 Nd2+ 29. Kg3
Ne4+ 30. Kf3 $11) 21. Nh6+ Kh8 22. Rxg5 f6 23. Rxg7 Kxg7 24. Qg5+ Kh8 25. Nf5 (
{ili} 25. Ng4 fxe5 26. Qxe5+ Rf6 27. Nxf6 $11) 25... Rf7 26. Nh6 Rg7 27. Bxf6
Qd7 28. Nf5 Rag8 29. Nxg7 Rxg7 30. Bxg7+ Qxg7 31. Qd8+ Qg8 $11) 20. Bxb7 Qe7 $8
21. Be4 f5 ({not} 21... g6 22. Bd5 Qxe5 23. Nxe5 gxh5 24. Rxg5+ Kh8 25. Bxa8 f6
26. Rf5 Rxa8 27. Nxd3 Rc8 28. Rxf6 Rxc4 {with an unclear endgame}) 22. Bd5+ Kh8
23. f4 Rad8 $1 24. Bxg7+ $140 Qxg7 25. Ne5 Rxd5 26. Rxg5 Ra5 $1 27. Ke1 $8 Rxe5
28. Rxg7 Rxe3+ 29. Kf2 Re2+ {winning.}) 19... Bxf6 20. gxf6 g6 21. Rg3 $4 (21.
Qh6 Bf3+ 22. Be2 dxe2+ 23. Kc2 Qd2+ ({but here, not} 23... Be4+ $4 24. Kb2 $18)
24. Kxb3 Qd1+ {with perpetual check.}) 21... Bf3+ $1 {A decisive gain of tempo.
} 22. Qxf3 Qd7 23. Qf4 Nc5 24. Bh3 Qa4+ 25. Ke1 d2+ ({Also winning is} 25...
Qc2 26. Kf1 d2 27. Bg4 Nd3 28. Qh6 d1=Q+ 29. Kg2 Qf1+) 26. Kxd2 Qa2+ 27. Kd1
Rad8+ 28. Bd4 Rfe8 ({This is even simpler than the immediate} 28... Nb3 29. Ke1
Nxd4 30. exd4 Qa1+ 31. Ke2 Rxd4) 29. Bf5 (29. Qh6 Rxd4+ 30. exd4 Qe2+ 31. Kc1
Qe1+ 32. Kb2 Re2+ 33. Ka3 Qa5#) 29... Nb3 0-1

[Event "Madrid Magistral 6th"]
[Site "Madrid"]
[Date "1997.05.23"]
[Round "3"]
[White "Akopian, Vladimir Eduardovic"]
[Black "Piket, Jeroen"]
[Result "1-0"]
[WhiteElo "2655"]
[BlackElo "2640"]
[Annotator "Fritz5"]
[PlyCount "73"]
[EventDate "1997.06.??"]
[EventType "tourn"]
[EventRounds "9"]
[EventCountry "ESP"]
[EventCategory "17"]
[SourceTitle "CBM 059"]
[Source "ChessBase"]
[SourceDate "1997.08.01"]
[SourceVersion "1"]
[SourceVersionDate "1997.08.01"]
[SourceQuality "1"]

1. Nf3 Nf6 2. c4 e6 3. g3 d5 4. Bg2 dxc4 5. Qa4+ Nbd7 6. Qxc4 a6 7. Qc2 c5 8.
O-O b6 9. b4 Bb7 10. bxc5 Rc8 11. Nc3 Bxc5 12. Qb3 O-O 13. a4 Qc7 14. Bb2 Bxf3
15. Bxf3 Ne5 16. Ne4 Nxf3+ 17. Qxf3 Nxe4 18. Qxe4 Rfd8 19. Bc3 Rd5 20. Rfb1 Qd7
21. Rc1 h6 22. d3 f5 23. Qf4 e5 24. Qf3 (24. Bxe5 $2 {ist ein Schlag ins Wasser
} g5 25. Qd2 Rxe5 $19) 24... Re8 25. Be1 Kh7 26. Rc4 b5 27. axb5 axb5 28. Rcc1
e4 29. dxe4 fxe4 30. Qg2 Qf5 31. h3 Red8 32. Kh2 h5 33. Rab1 e3 34. Ba5 Rf8 35.
fxe3 Bxe3 36. Rf1 Qc2 $4 $18 (36... Qxb1 $142 $1 37. Rxb1 Rf2 $11) 37. Qxd5 $1
1-0

[Event "Interzonal-14a"]
[Site "Subotica"]
[Date "1987.??.??"]
[Round "6"]
[White "Xu, Jun"]
[Black "Chernin, Alexander"]
[Result "1-0"]
[WhiteElo "2495"]
[BlackElo "2570"]
[Annotator "Ftacnik,L"]
[PlyCount "95"]
[EventDate "1987.06.??"]
[EventType "tourn"]
[EventRounds "17"]
[EventCountry "YUG"]
[EventCategory "11"]
[SourceTitle "CBM 003"]
[Source "ChessBase"]
[SourceDate "1988.04.01"]
[SourceVersion "1"]
[SourceVersionDate "1988.04.01"]
[SourceQuality "1"]

1. Nf3 Nf6 2. c4 e6 3. g3 d5 4. b3 a6 $6 (4... d4 $5) 5. Bg2 Bd6 6. d4 (6. Bb2
O-O 7. O-O b6 (7... b5 8. cxd5 $16) 8. e3 Bb7 9. Qe2 Qe7 $13 {/\e5}) 6... b6 7.
O-O Bb7 8. cxd5 exd5 9. Nc3 Nbd7 10. Bf4 $5 $14 Bxf4 11. gxf4 O-O 12. e3 Re8 (
12... c5 $5) 13. Rc1 Nf8 14. Ne2 Ne4 15. Ng3 c5 16. dxc5 $16 Nxc5 (16... bxc5
17. Nxe4 dxe4 18. Ne5 $16) 17. b4 Ne4 (17... Nce6 18. f5 Ng5 19. Nxg5 Qxg5 20.
Qd4 $16 {Xu Jun}) (17... Ncd7 $142 $5 18. Nd4 Nf6) 18. Nxe4 dxe4 19. Qxd8 Raxd8
20. Nd4 Bd5 21. a3 g6 22. Rfd1 (22. Rc7 $142) 22... b5 23. Nc6 Rd6 (23... Bxc6
24. Rxd8 Rxd8 25. Rxc6 Rd1+ 26. Bf1 $18) 24. Rc5 $1 Rxc6 25. Rdxd5 Rxc5 26.
Rxc5 Re6 27. Rc7 $1 $14 f5 28. Kf1 {/\Ke2,f3} Rd6 (28... h6 $5 29. Ke2 Nh7 30.
f3 Nf6 31. fxe4 Nxe4 32. Bxe4 $5 fxe4 {/\g5<=>}) 29. f3 Rd1+ $1 (29... Rd3 30.
fxe4 Rxe3 31. e5 $16 {Xu Jun}) 30. Ke2 Ra1 31. fxe4 Ra2+ 32. Kf1 Ra1+ 33. Kf2
Ra2+ 34. Kg3 Rxa3 35. exf5 Rxe3+ (35... gxf5 36. Bd5+ Kh8 37. Kf3 $14) 36. Kf2
Rd3 37. Be4 Rd6 38. Ke3 $14 gxf5 39. Bxf5 a5 $2 (39... Ng6 $142) 40. bxa5 Ra6
41. Be4 Rxa5 42. Bd5+ Kh8 43. f5 $1 $16 {/\f6,Rg7} Ra3+ 44. Kf4 Rh3 45. Ke5 (
45. Rf7 $18) 45... Rh6 (45... Re3+ 46. Kf6 Re8 47. Rg7 $18) (45... Rxh2 46. Rc8
Kg7 47. f6+ $18) 46. Rc8 Kg7 47. f6+ $1 Rxf6 48. Rc7+ (48. Rc7+ Kg6 49. Be4+
Kg5 50. h4+ $18) 1-0

[Event "Groningen PCA"]
[Site "Groningen"]
[Date "1993.??.??"]
[Round "7"]
[White "Gulko, Boris F"]
[Black "Beliavsky, Alexander G"]
[Result "1-0"]
[WhiteElo "2635"]
[BlackElo "2635"]
[Annotator "Ftacnik,L"]
[PlyCount "107"]
[EventDate "1993.12.??"]
[EventType "swiss"]
[EventRounds "11"]
[EventCountry "NED"]
[SourceTitle "CBM 039"]
[Source "ChessBase"]
[SourceDate "1994.04.01"]
[SourceVersion "1"]
[SourceVersionDate "1994.04.01"]
[SourceQuality "1"]

1. Nf3 {Ribli} d5 2. c4 e6 3. b3 a5 4. e3 (4. Bb2 a4 5. Na3) 4... a4 (4... Nf6
$5 {Ribli} 5. Bb2 a4 6. bxa4 $1 $14 {Rogers,I-Polgar,Zso/Budapest/1991/INF53,
14/}) 5. bxa4 Nd7 6. Nc3 (6. cxd5 exd5 7. Nc3) 6... c6 (6... Ngf6 7. cxd5 Nxd5
$5) 7. cxd5 exd5 8. Be2 (8. Qc2 $5 {Ribli}) 8... Nc5 9. O-O Qa5 10. Qc2 Nxa4 (
10... Nf6 $5 {Ribli} 11. Nd4 $6 Nxa4 12. Nb3 Qa7 13. Nxa4 Qxa4 14. Bb2 Be7 $10)
11. e4 dxe4 (11... Nxc3 {Ribli} 12. dxc3 dxe4 13. Qxe4+ $16) 12. Qxe4+ $2 (12.
Nxe4 Bf5 (12... Be7 13. d4 Nf6 14. Nxf6+ Bxf6 15. Bd3 h6 16. Re1+ $40) 13. Bc4
Nb6 14. Bb3 Be7 15. Re1 $36) 12... Be7 13. Bc4 Nc5 (13... Nxc3 {Ribli} 14. dxc3
Qxc3 15. Bg5 $18) 14. Qe5 (14. Qe3 Be6 15. Ne5 Nh6 $1) 14... Be6 15. Bxe6 Nxe6
16. Rb1 Qxe5 17. Nxe5 Bf6 $2 (17... f6 18. Nf3 O-O-O $10) 18. f4 $1 Nd8 (18...
Nxf4 $2 19. Rxf4 Bxe5 20. Re4 f6 21. d4 $18) (18... Bxe5 19. fxe5 b5 20. a4 $1
bxa4 21. Ne4 $18) 19. a4 (19. Ne4 {Ribli} Be7 $1 $14) 19... Be7 (19... Ne7 20.
Ba3 O-O 21. Ne4 $16) 20. Re1 f6 (20... Nf6 {Ribli} 21. Nc4 $16) 21. Nc4 Kf7 22.
Ne4 Nh6 (22... Rxa4 {Ribli} 23. Ncd6+ Kf8 24. Nc5 $18) 23. a5 $1 Rf8 24. Rb3
Kg8 25. Rd3 Ne6 26. Rd7 (26. Nf2 Nxf4 27. Rxe7 Nxd3 28. Nxd3 Rf7 $14) 26...
Bc5+ 27. Kf1 Rab8 (27... Ng4 28. g3 $1) (27... Rf7 28. Rxf7 Kxf7 29. Nxc5 Nxc5
30. Ba3 $18) 28. g3 Bb4 29. Ned6 Nc5 (29... Bxd6 30. Nxd6 Nc5 31. Rc7 Rfd8 32.
Ree7 Rxd6 33. Rxg7+ Kf8 34. Ba3 Rd5 35. d4 $18) 30. Rc7 Na6 (30... Nf7 {Ribli}
31. Ree7 $18) 31. Rxb7 Rxb7 32. Nxb7 Nf5 33. Ba3 $1 Bxa3 34. Nxa3 Rb8 35. Rb1
Kf8 36. Rb6 Nd4 37. Nc4 Ke7 38. Kf2 Ra8 (38... g6 39. Ke3) 39. Rb1 Rb8 40. Rb6
Ra8 41. Ke3 Nc2+ 42. Ke4 Ncb4 43. d4 Re8 44. Nc5 Kf8+ 45. Kf3 Nxc5 46. dxc5 Nc2
47. a6 Nd4+ 48. Kg4 h5+ 49. Kxh5 Kg8 50. a7 Kh7 51. Rb8 Re2 52. Rb2 (52. a8=Q
Rxh2+ 53. Kg4 Kg6 54. f5+ $1 $18) 52... Re8 53. Ra2 f5 54. Kh4 (54. a8=Q Re6
55. Ne5 $18) 1-0

[Event "Olympiad-37"]
[Site "Turin"]
[Date "2006.06.02"]
[Round "11"]
[White "Gurevich, Mikhail"]
[Black "Kurajica, Bojan"]
[Result "1-0"]
[WhiteElo "2643"]
[BlackElo "2548"]
[Annotator "Gurevich,M"]
[PlyCount "115"]
[EventDate "2006.05.21"]
[EventType "team-swiss"]
[EventRounds "13"]
[EventCountry "ITA"]
[SourceTitle "CBM 113"]
[Source "ChessBase"]
[SourceDate "2006.07.31"]
[SourceVersion "1"]
[SourceVersionDate "2006.07.31"]
[SourceQuality "1"]
[WhiteTeam "Turkey"]
[BlackTeam "Bosnia&Herzegovina"]
[WhiteTeamCountry "TUR"]
[BlackTeamCountry "BIH"]

1. c4 e6 2. Nc3 Bb4 3. Qb3 c5 (3... Nc6 4. Nf3 Nf6 5. a3 Bxc3 6. Qxc3 O-O 7. g3
d5 8. d4 Ne4 9. Qc2 Qf6 10. Be3 Nd6 11. c5 Nf5 12. Qc3 Nxe3 13. Qxe3 a5 14. b3
Rb8 15. Bg2 b6 (15... b5 $5) 16. Rc1 Qe7 17. O-O f6 18. cxb6 Rxb6 19. Rc5 Bd7
20. Rfc1 Rfb8 21. Nd2 Qd6 $14 {1/2-1/2 Reinderman,D-Rozentalis,E/Gausdal NOR
2006/The Week in Chess 599 (21)}) 4. a3 (4. Nb5 Nf6 5. Nd6+ Kf8 6. Nxc8 Qxc8 7.
Nf3 Nc6 8. e3 Ke7 9. Be2 Rd8 10. O-O d5 11. cxd5 exd5 12. Qc2 c4 13. b3 cxb3
14. Qxb3 $14 {1-0 Pelletier,Y-Rombaldoni,D/La Roche-sur-Yon FRA 2006/The Week
in Chess 593 (67)}) 4... Ba5 5. Ne4 Nf6 $5 (5... Qc7 6. Qg3 Qxg3 7. hxg3 Na6 8.
b3 Bc7 9. Bb2 f6 10. e3 b6 11. d4 Bb7 12. Nc3 Ne7 13. d5 Be5 14. O-O-O Bxc3 15.
Bxc3 exd5 16. cxd5 d6 17. Bb5+ Kf7 18. e4 $14 {1-0 Georgiev,K-Adla,D/Noyon
2005/Mega2006 (39)}) 6. Nxc5 $5 (6. Nd6+ Ke7 7. Nxc8+ (7. Nxb7 Bxb7 8. Qxb7 Nc6
$44) 7... Qxc8 8. Nf3 $14) 6... Nc6 7. e3 (7. Nxb7 $4 Bxb7 8. Qxb7 Rb8 9. Qa6
Rb6) (7. Nf3 Qe7 8. Na4 e5 $36 {(/\9...e4,10...Nd4)}) 7... Qe7 8. Na4 O-O 9.
Qc2 $5 {[/\10.b4,11.Bb2]} d5 10. b4 Bc7 11. Bb2 a6 {/\12...dxc4} (11... dxc4
12. Bxc4 a5 13. b5 Ne5 14. Be2 $16) (11... d4 $5 12. b5 $140 (12. exd4 e5 13.
d5 Nd4 $44) 12... dxe3 $1 13. bxc6 exf2+ 14. Kxf2 Ng4+ $13) (11... e5 12. cxd5
Nxd5 13. Bc4 Be6 14. Nf3 $14) 12. cxd5 exd5 13. Be2 $5 $14 (13. Nf3 Bg4 $44)
13... Ne4 $5 14. d3 (14. Nf3 Bg4 15. d3 Ng5 $132) 14... Ng5 15. h4 $5 Ne6 {
[/\16...d4;XBc8]} 16. d4 $1 Bd7 (16... f5 17. g3 f4 18. gxf4 Bxf4 (18... Nxf4
19. exf4 Bf5 20. Qb3) 19. Nb6 $1 Nexd4 (19... Rb8 20. Nxd5) 20. Bxd4 Nxd4 21.
exd4 Bf5 22. Qa2 $16) 17. Nf3 Rad8 (17... Rfc8 $142) 18. Nc5 $16 Rb8 (18... Bc8
19. Nxa6 bxa6 20. Qxc6 $18) (18... Nxc5 19. dxc5 Ne5 20. Rd1 $16) 19. Nxd7 Qxd7
20. O-O {[/\21.Rfd1,22.Ne5]} f6 21. Bd3 g6 22. Rfe1 Kg7 23. g3 {[/\Bd3-f1-g2;
Xd5]} Bb6 24. Bf1 Qd6 25. Rad1 Rbc8 26. Qb3 Nc7 27. Re2 Rce8 28. Rc2 Re7 29.
Bg2 Ne6 30. Rcc1 Rd8 31. Bc3 h6 {[/\32...g5<=>>>]} 32. Qb1 $1 $18 {XKg7} Nf8
33. Ne1 {[/\Ne1-d3-c5,e3-e4]} g5 34. hxg5 hxg5 35. Qf5 Ng6 36. Nd3 Rf7 37. Nc5
Nf8 38. e4 Ne7 39. Qg4 Qb8 40. e5 Kg6 41. exf6 Rxf6 42. Bd2 Bxc5 43. Qxg5+ Kf7
44. dxc5 Ne6 45. Qh5+ Rg6 46. Bc3 d4 47. Be4 $1 Kf6 (47... dxc3 48. Bxg6+ Nxg6
49. Qf5+) 48. Bxg6 Nxg6 49. Bb2 (49. Re1 $5) 49... Ne5 50. f4 Nc6 51. Re1 Ng7
52. Qg5+ Kf7 53. Re4 Rd7 54. Kg2 b6 55. f5 Qb7 56. f6 Ne6 57. Qh5+ Kf8 58. Rxe6
1-0

[Event "Lost Boys op"]
[Site "Antwerp"]
[Date "1998.08.07"]
[Round "7"]
[White "Gurevich, Mikhail"]
[Black "Piket, Jeroen"]
[Result "1/2-1/2"]
[WhiteElo "2635"]
[BlackElo "2575"]
[Annotator "Gurevich,M"]
[PlyCount "89"]
[EventDate "1998.08.??"]
[EventType "swiss"]
[EventRounds "9"]
[EventCountry "BEL"]
[SourceTitle "CBM 067"]
[Source "ChessBase"]
[SourceDate "1998.11.30"]
[SourceVersion "2"]
[SourceVersionDate "1998.11.01"]
[SourceQuality "1"]

1. c4 e6 2. g3 d5 3. Bg2 Nf6 4. Nf3 dxc4 5. Qa4+ c6 6. Qxc4 b5 7. Qc2 Bb7 8.
Nc3 Nbd7 9. O-O Rc8 $5 (9... a6 10. b3 c5 11. a4 Qb6 12. axb5 axb5 13. Rxa8+
Bxa8 14. Qd3 Bc6 15. Nh4 b4 16. Bxc6 Qxc6 17. Na4 Be7 {1/2-1/2 Zueger,
B-Maksimenko,A/Catania 1994/EXT 94op (17)}) 10. d3 a6 11. e4 c5 12. b3 Bd6 13.
a4 Qb6 (13... b4 14. Nb1 Ne5 15. Nbd2 Bb8 16. Ne1 O-O 17. Bb2 $13) 14. axb5
axb5 15. h3 Ne5 $5 16. Be3 Nc6 (16... O-O 17. Rfb1 $5 b4 (17... Nc6 18. b4 Nd4
19. Qd1 $14) 18. Na4 Qb5 19. Nb2 Nxf3+ 20. Bxf3 Be5 21. Ra7 $13) 17. Qd2 Nd4 (
17... e5 18. Bg5 Nd4 19. Bxf6 gxf6 20. Nxd4 $14) 18. Bxd4 cxd4 19. Ne2 e5 {[#]}
20. Nexd4 $1 (20. Qg5 $6 O-O 21. Nxe5 Rc5 22. f4 Nxe4 $1 (22... h6 23. Qh4 Rc2
$44) 23. Bxe4 Bxe4 24. dxe4 d3 25. Nd4 Rxe5 26. fxe5 Qxd4+ 27. Kg2 Bxe5 $15)
20... exd4 21. e5 Bxe5 (21... Bxf3 22. Bxf3 Bxe5 23. Rfe1 Nd7 24. Bg4 f5 $5 (
24... Qd6 25. Ra7 Rd8 26. Qg5 $36) 25. Bxf5 Qf6 26. Bxd7+ Kxd7 27. Qb4 $1 Rc6 (
27... Rhf8 28. Qxb5+ Rc6 29. Qxe5 Qxf2+ 30. Kh1 Qf3+ 31. Kg1 $11) 28. Qxb5 $44)
22. Rfe1 O-O 23. Rxe5 Nd7 (23... Rc3 24. b4 Rfc8 25. Rae1 $14) 24. Re7 Nc5 $1
25. Nxd4 Bxg2 26. Kxg2 Qf6 $6 (26... Qd6 27. Qe3 Nxb3 28. Nxb3 Qd5+ 29. Qe4
Qxb3 30. Raa7 Rcd8 $11) 27. Qe3 Rcd8 28. Re5 $14 Nxd3 29. Re4 Nb4 $5 (29... Nc5
30. Rf4 Qb6 31. b4 $14) 30. Qf3 $6 (30. Rc1 $1 Nd5 (30... Rd7 31. Rc8 $1 Rdd8
32. Rxd8 Qxd8 33. Nxb5 $16) 31. Qf3 Qxf3+ 32. Nxf3 $14) (30. Ra5 $2 Rxd4 $1 31.
Qxd4 Qxd4 32. Rxd4 Nc6 $19) 30... Qxf3+ 31. Nxf3 Nd3 32. Ra5 b4 33. Re3 (33.
Ne1 f5 34. Re7 Nxe1+ 35. Rxe1 Rd3 36. Ra7 Kh8 $1 37. Ree7 Rg8 $11) 33... f6 $1
$11 34. Rb5 (34. Ne1 Nxe1+ 35. Rxe1 Rd3 36. Ra7 Kh8 $1 $11) 34... Rfe8 35.
Rxe8+ Rxe8 36. Rd5 Nc1 37. Nd4 g6 38. Rd7 Re1 39. Nc6 Nxb3 40. Ne7+ $6 $138 Kf8
41. Nc6 Nc5 42. Rd8+ Re8 43. Rd5 b3 44. Rxc5 Rc8 45. Rb5 1/2-1/2